LEADER 01867nam a2200301 u 4500 001 000000048188 003 CaOOAMICUS 005 20070226114954.0 008 000410s1999 it u000 u fre u 035 $a10845425 040 $aPUL$bita 100 1 $aDiouf, Marie.$0(OLS)http://pul/name/34980 245 10$aAutoritate collegiale et personnelle au service de la communion dans les instituts de vie consacree selon le droit canonique :$banalyse historico-juridique des structures de gouvernement dans la congregation des filles du saint Coeur de Marie /$cDiouf Marie. 260 $aRomae :$bPontificia Università Lateranense,$c1999. 300 $a272 p. ;$c24 cm 500 $aIn testa al front.: Pontificia Universitas Lateranensis. Institutum utriusque iuris, Facultas iuris canonici. 502 $aDiss. -- Pontificia Universitas Lateranensis, 1999. 504 $a"Sources et bibliographie": pp. [255]-272. 610 24$aCongregazione delle Sorelle del Cuore Immacolato di Maria.$0(OLS)http://pul/subject/20314 650 4$aVita consacrata.$0(OLS)http://pul/subject/13125 650 4$aDiritto canonico.$0(OLS)http://pul/subject/1294 710 2 $aPontificia Università Lateranense.$bPontificium Institutum Utriusque Iuris.$0(OLS)http://pul/name/1777 850 $aPUL 852 $aPUL$W1$xDP1 Tesi Pon Univ. Lateranense$y41$mTH PUL 820$j64269$nBK-PRI$b $qTesi$B64269$CPULBib$Z2$F64269 $H $81 941 1 $a16 961 $aINV: 81234 996 $6245$aAutoritate collegiale et personnelle au service de la communion dans les instituts de vie consacree selon le droit canonique :$banalyse historico-juridique des structures de gouvernement dans la congregation des filles du saint Coeur de Marie$9(OLS)http://pul/title/64885 996 $6260$aRomae :$bPontificia Università Lateranense$9(OLS)http://pul/publisher/48628 LEADER 01447nam a2200349 u 4500 001 000000048361 003 CaOOAMICUS 005 20070226115005.0 008 000428s1999 fr u000 u fre u 020 $a2-7116-1416-6 035 $a10846429 040 $aEFR$bita$dBAV$dBAV 041 1 $afre$alat 245 03$aLa condamnation parisienne de 1277 : /$cnouvelle édition du texte latin, traduction, introduction et commentaire par David Piché ; avec la collaboration de Claude Lafleur. 260 $aParis :$bVrin,$c1999. 300 $a351 p. ;$c22 cm 490 1 $aSic et non, 500 $aIndex: p. [337]-351. 504 $a"Bibliographie": p. [321]-335. 650 4$aFilosofia medievale.$0(OLS)http://pul/subject/139 650 4$aCensura$zFrancia$yEvo medio.$0(OLS)http://pul/subject/20403 700 1 $aLafleur, Claude.$0(OLS)http://pul/name/35111 700 1 $aPiché, David.$0(OLS)http://pul/name/35110 830 0$aSic et non,$x1248-7279.$0(OLS)http://pul/title/8006 850 $aPUL 852 $aPUL$W1$xSL Filosofia 1$y2$m86 O 4$j64459$nBK-PRI$b $qStampati$B64459$CPULBib$Z2$F64459 $H $81 941 1 $a8 960 $aFilosofia medioevale$9139 961 $aINV: 89381 996 $6020$a2-7116-1416-6$9(OLS)http://pul/number/60762 996 $6245$aLa condamnation parisienne de 1277 :$9(OLS)http://pul/title/65122 996 $6260$aParis :$bVrin$9(OLS)http://pul/publisher/50780